00442nam a2200157Ia 4500008004100000020002400041040001900065041001200084082002900096245003900125260004100164300001800205504001900223650002000242850002200262131103s9999 xx 000 0 und d a195642015cRs.30.00 aLoreto College aEnglish aCHBK-II/GASbLCBED/14392 aThe Poem Tree, Book 6cDean Gasper aDelhibOxford University Pressc1998 a65p. c 20cm. aContains notes aPoetry-Children aLCBED/CHBK-II/GAS